000 00361cam a2200145ua 4500
041 _aeng
_h
082 _a824
_bEDW/an
100 _aEdwards, S L .
245 _aAnthology of English prose /
_cS L Edwards.
_hTextual Documents
260 _aLondon :
_bJ M Dent and Sons Ltd ,
_c1960.
300 _a400 ; .
504 _a
942 _cBK
999 _c11544
_d11544